Measuring the convenience of gas stations (Record no. 61964)

MARC details
000 -LEADER
fixed length control field 00881cam a2200229 4500
001 - CONTROL NUMBER
control field ABS61737
008 - FIXED-LENGTH DATA ELEMENTS--GENERAL INFORMATION
fixed length control field 000000n1999 000 0 eng u
035 ## - SYSTEM CONTROL NUMBER
System control number (Sirsi) u103113
100 ## - MAIN ENTRY--PERSONAL NAME
Personal name Smalley, S.P.
245 ## - TITLE STATEMENT
Title Measuring the convenience of gas stations
260 ## - PUBLICATION, DISTRIBUTION, ETC.
Date of publication, distribution, etc. 1999
490 ## - SERIES STATEMENT
Series statement Appraisal Journal
Volume/sequential designation 67(4) October 1999, 339-344(6)
520 ## - SUMMARY, ETC.
Summary, etc. One of the principal bases for the valuation of gas stations is sales volume of petrol, as they are usually sold as going concerns. Provides a checklist of features, which measure sales of petrol and can be used when valuing a petrol filling station. US practice.
590 ## - LOCAL NOTE (RLIN)
Local note ABS
650 ## - SUBJECT ADDED ENTRY--TOPICAL TERM
Topical term or geographic name entry element PETROL FILLING STATIONS
650 ## - SUBJECT ADDED ENTRY--TOPICAL TERM
Topical term or geographic name entry element PETROL RETAILING
650 ## - SUBJECT ADDED ENTRY--TOPICAL TERM
Topical term or geographic name entry element VOLUME OF SALES
650 ## - SUBJECT ADDED ENTRY--TOPICAL TERM
Topical term or geographic name entry element VALUATION BASIS
650 ## - SUBJECT ADDED ENTRY--TOPICAL TERM
Topical term or geographic name entry element UNITED STATES
690 ## - LOCAL SUBJECT ADDED ENTRY--TOPICAL TERM (OCLC, RLIN)
Topical term or geographic name as entry element PROPERTY-PROPERTY APPRAISAL AND VALUATION
942 ## - ADDED ENTRY ELEMENTS (KOHA)
Suppress in OPAC 0
Holdings
Withdrawn status Lost status Source of classification or shelving scheme Damaged status Not for loan Home library Current library Shelving location Date acquired Total Checkouts Full call number Barcode Date last seen Copy number Price effective from Koha item type
    Dewey Decimal Classification     London London Journal article 14/12/1999   ABS61737 103113-1001 06/08/2019 1 06/08/2019 Journal article